000 00472nam a22001937a 4500
003 OSt
005 20240522160009.0
008 240522b |||||||| |||| 00| 0 eng d
020 _a1840465778
040 _cDDC
082 _a530.12 McE 1996
100 _4Zarate Oscar,Mcevoy J.P.
245 _aIntroducing Quantum Theory.
260 _aUK,
_bIcon Books,
_c1996.
300 _a175p;
_bill,
_c21cm.
504 _aIndex.
650 _aPhysics
_9809
942 _2ddc
_cO_SHELF
999 _c8344
_d8344